[Event "Shenzhen Du Te Cup 3rd"]
[Site "Shenzhen"]
[Date "2019.04.26"]
[Round "9"]
[White "Harikrishna, Pentala"]
[Black "Yu, Yangyi"]
[Result "1-0"]
[WhiteElo "2723"]
[BlackElo "2751"]
[Annotator "Sagar Shah"]
[PlyCount "113"]
[EventDate "2019.04.17"]
[EventType "tourn"]
[EventRounds "10"]
[EventCountry "CHN"]
[EventCategory "21"]
[SourceTitle "CBM 190"]
[Source "ChessBase"]
[SourceDate "2019.06.30"]
[SourceVersion "1"]
[SourceVersionDate "2019.06.30"]
[SourceQuality "1"]

{[%evp 0,113,80,28,28,24,15,1,24,18,32,32,32,32,8,29,27,23,32,38,22,25,18,21,
31,29,52,45,49,41,48,29,52,40,18,11,27,17,43,6,9,9,16,13,47,36,40,27,30,64,60,
43,57,-3,66,127,121,143,129,129,145,80,89,118,152,132,133,176,143,183,179,195,
191,196,177,184,184,209,193,174,187,199,214,203,190,200,241,227,227,235,269,
289,289,290,294,254,247,223,224,199,210,213,208,181,184,167,180,121,134,172,
182,210,219,159,159,140]} 1. e4 e5 2. Nf3 Nf6 {Somehow I find it curious that
an attacking player and excellent calculator like Yu Yangyi plays the Petroff.}
3. Nxe5 d6 4. Nd3 $5 {Harikrishna avoids the main line and uses a positional
weapon that he has prepared.} Nxe4 5. Qe2 Qe7 6. Nc3 (6. Nf4 Nc6 7. Nd5 Nd4 {
was played at the Carlsen Caruana World Championship Match.}) 6... Nf6 (6...
Nxc3 {is definitely a playable alternative.} 7. dxc3 Qxe2+ 8. Bxe2 Nc6 9. Be3 {
gives White a developmental edge.}) 7. Nf4 c6 8. d4 Qxe2+ 9. Bxe2 d5 10. O-O
Bd6 (10... Bf5 {is a possible move, but after} 11. Re1 {The king on e8 already
starts to feel uncomfortable.} Be7 12. Bd3 Bxd3 13. Nxd3 $14 {White's position
is to be preferred.}) 11. Bd3 O-O 12. Nfe2 {The knight retreats to e2 to make
the f4 square available for the bishop.} Ne8 {The first time you see the move,
it just seems wrong. Black is undeveloping the knight without any provocation.
But when you delve deeper you understand the point of this move, not just in
chess terms but also in psychological. In chess terms, Black wants to prepare
against Bf4 by exchanging his bishops and getting the knight to d6. In
psychological terms, Hari and Yu Yangyi had already played this position
before where Yu Yangyi had played Nbd7 and would not have been comfortable
with the resulting positions.} (12... Nbd7 13. Bf4 Bxf4 14. Nxf4 Re8 15. f3 Nf8
16. h4 h5 17. Rfe1 Bd7 18. Kf2 g6 19. b4 Rxe1 20. Rxe1 Re8 21. Rb1 Ne6 22. Nxe6
Bxe6 23. b5 Rc8 24. bxc6 Rxc6 25. Rb3 Kf8 26. Ne2 Rc7 27. Nf4 Bd7 28. Ke3 Ke7
29. Kd2 Kd6 30. Rb1 b6 31. Re1 Rc8 32. Ra1 Ba4 33. Nh3 Nh7 34. Nf4 Nf6 35. Ne2
Bd7 36. a4 Ne8 37. Nc3 a5 38. Nd1 Nc7 39. Ne3 Ne6 40. c3 f5 41. Bc2 f4 42. Nd1
g5 43. hxg5 Nxg5 44. Rb1 Rb8 45. Nf2 h4 46. Nd3 h3 47. gxh3 Nxf3+ 48. Ke2 Ng5
49. Nxf4 Nxh3 50. Nxh3 {1/2-1/2 (50) Harikrishna,P (2727)-Yu,Y (2760) China
2018}) 13. Re1 Nd7 14. Bf4 {Hari keeps it simple, he exchanges the bishops and
doesn't try too hard to make the knight on e8 look funny.} Nb6 $6 {[%csl Rb6]
This move definitely seems wrong. After a move like b3 the knight on b6 won't
be doing anything active.} (14... Bxf4 15. Nxf4 Ndf6 {The other knight will
come to d6 and it looks fine for Black.}) 15. f3 $1 {[%cal Gf2f3] A nice move
taking the e4 square away, but more importantly preparing to activate the king
to f2.} a5 16. a4 Bd7 17. b3 h6 $6 {This move in itself doesn't make much
sense. Black wants to play g5 at some point to force White's hand. However,
this same pawn will become a weakness and help White to open more lines with
h4.} 18. Nd1 g5 19. Bxd6 Nxd6 20. Nb2 Rac8 21. Kf2 $1 {[%csl Gf2] The king
clears the last rank, gets closer to the game and prepares h4 followed by gxh4
and Rh1.} Na8 {As mentioned earlier, the knight on b6 was not at all useful
and tries to look for better squares.} (21... c5 $6 22. dxc5 Rxc5 23. Nd4 $16)
22. h4 $1 f6 (22... gxh4 23. Rh1 h3 24. Rag1 $16 (24. g4 f5 $132)) 23. Rh1 Kg7
24. Ng3 {The knight is ideally placed looking at all the weaknesses.} Nc7 25.
c4 $1 {Harikrishna is playing on both sides of the board. The idea is c5
pushing Black further behind.} b6 26. Rac1 {[%cal Gd5c4]} (26. c5 bxc5 27. dxc5
Nb7 {makes the c5 pawn weak.}) 26... dxc4 $2 {A very bad positional error by
Yu Yangyi.} (26... f5 {This was definitely better. It is possible to feel that
the g5 pawn can become weak. But this was a situation for desperate measures
and Black has to go for it.} 27. hxg5 hxg5 28. Rh5 Rh8 $1 (28... Kg6 29. Rch1
$16) 29. Rxg5+ Kf6 30. f4 Ne6 {Black pieces suddenly spring to action.} 31.
Nxf5 Nxc4 $1 (31... Nxg5 32. fxg5+ Ke6 33. Re1+ Ne4+ 34. Bxe4 dxe4 35. g4 $16)
32. bxc4 Nxf4 33. Rg4 Nxd3+ 34. Nxd3 Bxf5 $13) 27. Nxc4 {The b6 pawn is
falling now, so the knight has to be taken.} Nxc4 28. bxc4 {[%csl Rb6,Gc1,Gd3,
Gf2,Gg3,Gh1][%cal Gh1h8,Gc1b1,Gb1b6] The net result of taking on c4 is that
the b6 pawn is extremely weak and White has a central majority which is quite
easy to get rolling.} Rcd8 (28... Na6 29. Bf5 $1 Rcd8 30. Bxd7 Rxd7 31. Nf5+
Kg6 32. g4 $18 {The knight on f5 is dominant.}) 29. Rb1 Be6 30. hxg5 (30. Bf5 {
was a strong move.} Bxc4 (30... Rxd4 31. Bxe6 Nxe6 32. Nf5+ $18) 31. Rxb6 Bd5
32. Be4 $18) 30... fxg5 31. Rxb6 Rxd4 32. Ke3 Rfd8 33. Be2 {There is no good
way to defend the c6 pawn.} R4d7 (33... R4d6 34. Ne4 $18) 34. Rxc6 Re7 35. Kf2
Rdd7 36. Rb1 {White is a pawn up and is much more active. For a player like
Harikrishna, this is quite easy to convert.} Ne8 37. Rbb6 Kf7 38. Ne4 Rc7 39.
Rxc7 Rxc7 40. c5 Ke7 41. Ra6 Ng7 42. Rxa5 Nf5 43. Ra8 Bd5 44. Rh8 Ke6 (44...
Bxe4 45. fxe4 $18) 45. a5 (45. g4 Bxe4 46. fxe4 Nd4 47. Rxh6+ Ke5 {Black gets
unnecessary counterplay.}) 45... Ke5 46. a6 Nd4 (46... Bxe4 47. fxe4 Kxe4 48.
Bf3+ Ke5 49. Re8+ Kf6 50. Bb7 $18) 47. Re8+ Ne6 48. Bb5 Kd4 49. Nf6 Kxc5 50.
Nxd5 Kxd5 51. Bd3 Nc5 52. Be4+ Nxe4+ (52... Kc4 53. Bb7 Nxb7 54. a7 $18) 53.
Rxe4 Ra7 54. Ra4 {The rook is tethered to the a-pawn. The White king will go
to the kingside and gobble things up.} Kc5 55. Kg3 Kb5 56. Ra2 h5 57. f4 {
A fantastic effort by Harikrishna, who is choosing the right kind of positions
that are the most uncomfortable for his opponents, and making them go wrong.}
1-0

[Event "Danzhou 6th"]
[Site "Danzhou"]
[Date "2015.07.11"]
[Round "9"]
[White "Wei, Yi"]
[Black "Bu, Xiangzhi"]
[Result "1/2-1/2"]
[WhiteElo "2724"]
[BlackElo "2695"]
[Annotator "Sagar Shah"]
[PlyCount "204"]
[EventDate "2015.07.02"]
[EventType "tourn"]
[EventRounds "9"]
[EventCountry "CHN"]
[EventCategory "17"]
[SourceTitle "CBM 167"]
[Source "ChessBase"]
[SourceDate "2015.07.13"]
[SourceVersion "1"]
[SourceVersionDate "2015.07.13"]
[SourceQuality "1"]

{After his win against Batista Bruzon in round two, everyone felt that Wei Yi
would do exceptionally well in the tournament. He did not live up to the
expectations scoring just +1 in the event. However, his last round battle
against Bu Xiangzhi is worthy of close inspection not only because Wei Yi was
completely winning but this game shows the other side of the 16-year-old
Chinese grandmaster.} 1. e4 e5 2. Nf3 Nf6 3. Nxe5 d6 4. Nf3 Nxe4 5. Nc3 Nxc3 6.
dxc3 Be7 7. Be3 Nc6 8. Qd2 Be6 9. O-O-O Qd7 10. Kb1 Bf6 11. h3 h5 $5 {Stopping
White's expansion with g4.} 12. Nd4 Bxd4 $5 (12... Nxd4 {looks more natural
but after} 13. Bxd4 {The bishop on f6 feels uncomfortable because it cannot
really move off the diagonal.} Bxd4 14. Qxd4 $14 {The centrally posted queen
is very powerful and gives White a small edge.}) 13. Bxd4 (13. cxd4 d5 14. Bf4
$14 {was another valid option.}) 13... f6 {Black would not like to take on d4
and centralize the white queen but in that process he will leave White with a
bishop pair.} 14. Be2 O-O-O 15. Rhe1 Rde8 16. Be3 $14 {White is slightly
better as he has the bishop pair. His plan includes, retaining the bishops and
slowly but surely advancing his queenside pawns. Look how Wei Yi achieves this.
} Bf7 17. b3 Re7 18. f3 Rhe8 (18... h4 19. Bf2 g5 {is possible but later f4
break would be pretty strong.}) 19. Bf2 a6 20. h4 Re5 (20... Ne5 {is a good
square for the knight as it cannot be kicked off with f4, it will jump into g4.
But White will just improve with Kb2, a4 etc and Black will not be able to do
much.}) 21. Bf1 Rd5 (21... Rxe1 22. Rxe1 Rxe1+ 23. Qxe1 Qf5 {could have been a
better way to play. In the game, White is able to retain one of his rooks and
that puts additional pressure on Black.}) 22. Qf4 (22. Rxe8+ Qxe8 23. Bd4 $1 {
is a strong move because the rook on d5 is completely misplaced.} Nxd4 24. cxd4
c5 25. c3 cxd4 26. cxd4 $16) 22... Rxe1 23. Rxe1 Re5 24. Rd1 Bg6 25. Kb2 $1 {
improving the position of the king.} Re7 26. Qd2 Re8 27. Be1 Re7 28. Qf2 Qe6
29. Bd2 Qe5 30. Re1 Qa5 31. Be3 Qe5 32. a4 $1 {The queenside pawn offensive
begins.} Kd7 33. Qd2 Kc8 34. Bf2 Qf5 35. Rd1 Qd7 36. Be1 Qe6 37. Bf2 Qd7 38.
Ra1 $1 {An excellent move White now plans to activate his rook along the
fourth rank with a5 and Ra4. Though objectively it might not be the best idea
yet it makes some progress in the position and forces Black to take some
concrete measures.} Qe6 39. Bc4 Qd7 40. Bf1 {You can see how Wei Yi patiently
repeats the position many times in the game. This is always a good idea when
you are pressing in the position as it sometimes frustrates your opponent and
makes him commit some hasty decision.} Qe6 41. a5 Qe5 42. Bc4 Qf5 (42... Nxa5
$2 43. Re1 Nxc4+ 44. bxc4 $18) 43. Ra4 Qd7 (43... Nxa5 44. Bd3 $16) 44. Bf1 Qe6
45. c4 Qe5+ 46. Qc3 Qxc3+ 47. Kxc3 {The queens are exchanged and in a way it
becomes easier to push the queenside pawns now.} Re5 48. b4 Ne7 49. Ra1 {
The well placed bishops and rook along with the king and the queenside pawn
storm give White excellent chances.} Nf5 50. Bd3 Ne7 51. Bf1 {Once again you
see the repetition in action.} Nf5 52. Kd2 Be8 53. Bd3 Bd7 54. b5 g5 {Finally
Black decides something must be done but it is already quite late.} (54... axb5
55. f4 Re7 56. cxb5 $16) 55. g3 {A patient move.} ({Wei Yi didn't want to
spice up the matters with} 55. bxa6 bxa6 56. c5 $5 $16) 55... axb5 56. f4 gxf4
57. gxf4 Re7 58. cxb5 Nh6 59. a6 {With patience and level headed play Wei Yi
has been able to crown his strategy by creating an outside passer. He now has
a completely winning position.} bxa6 60. bxa6 Kb8 61. Bd4 Ng4 62. Be2 Bc6 {
preventing Bf3.} 63. Ra5 Rh7 64. Bd3 Rh6 65. c4 Rh8 66. Bg6 {The positional
advantages will now be converted into a material plus.} Rg8 67. Bxh5 (67. Rxh5
{was maybe even better as the bishop was taboo thanks to back rank mate.})
67... Be4 68. c5 Nh2 69. cxd6 cxd6 70. Bxf6 {White is two pawns up and it
should all be over within a few moves now} Nf1+ 71. Kc3 Rg3+ 72. Kb4 Ne3 73.
Rb5+ (73. Rg5 $1 Nd5+ 74. Kc4 Nxf6 75. Rxg3 Nxh5 76. Rg5 Nxf4 77. Rg4 d5+ 78.
Kc5 $18 {followed by Kb6 and it's all over.}) 73... Kc7 74. Rg5 Nc2+ 75. Kc4
Ra3 76. Rg7+ Kb6 77. Bd4+ Ka5 (77... Kxa6 78. Ra7#) 78. Be8 $2 {A bad mistake
by Wei Yi which throws away almost all the advantage.} (78. a7 $1 Ra4+ 79. Kc3
Rxd4 (79... Nxd4 80. a8=Q+ Bxa8 81. Ra7+ Kb5 82. Rxa4 Kxa4 83. Kxd4 $18) 80.
Bg6 $1 $18 {A difficult move to see from far. The bishop on e4 is over loaded
and White wins the game.}) 78... Rf3 79. Rg5+ Kxa6 80. Bb5+ Kb7 81. Rg7+ Kb8
82. Rg8+ Kb7 83. Rg7+ Kb8 84. Ba7+ Ka8 85. Ba4 Rxf4 86. Kb5 Bb7 $2 (86... Rxh4
87. Kb6 Rh8 $14) 87. Kb6 (87. Bg1 $3 {The only available square for the bishop
but good enough to win.} Na3+ 88. Kb6 Rb4+ 89. Ka5 Rxh4 90. Rg8+ $18) 87...
Rb4+ 88. Bb5 Rxb5+ $1 89. Kxb5 Kxa7 {Black has overcome the worst and now
defends the position without any difficulties.} 90. h5 Nd4+ 91. Kc4 Nf5 92. Rf7
Nh6 93. Rf6 Ng8 94. Rf8 Nh6 95. Kd4 Kb6 96. Ke3 Bd5 97. Kf4 Nf7 98. Rg8 Kc6 99.
Rg6 Kd7 100. h6 Nxh6 101. Rxh6 Kc6 102. Rxd6+ Kxd6 {A sad end to the game for
Wei Yi but an experienced chess player will surely be in awe of his technique
as well as patience. It was a great technical effort to milk that small
advantage against a strong player like Bu Xiangzhi.} 1/2-1/2

[Event "Qatar Masters op"]
[Site "Doha"]
[Date "2015.12.26"]
[Round "6"]
[White "Wei, Yi"]
[Black "Bromberger, Stefan"]
[Result "1-0"]
[WhiteElo "2730"]
[BlackElo "2521"]
[Annotator "Sagar Shah/CB Website"]
[PlyCount "71"]
[EventDate "2015.12.20"]
[EventType "swiss"]
[EventRounds "9"]
[EventCountry "QAT"]
[SourceTitle "CBM 170"]
[Source "ChessBase"]
[SourceDate "2016.01.15"]
[SourceVersion "1"]
[SourceVersionDate "2016.01.15"]
[SourceQuality "1"]

1. e4 e5 2. Nf3 Nf6 3. Nxe5 d6 4. Nf3 Nxe4 5. Nc3 Nxc3 6. dxc3 Be7 7. Be3 O-O
8. Qd2 Nd7 9. O-O-O c6 10. c4 Nc5 11. Bxc5 dxc5 12. Qf4 Qa5 13. Bd3 Bf6 14. a3
Be6 15. Ng5 Bxg5 16. Qxg5 Rad8 17. Rhe1 Rfe8 18. f4 h6 19. Qh5 f6 20. Bg6 Rxd1+
21. Qxd1 Rd8 {Wei Yi had not been having a great tournament in Doha, but in
this round he showed some nice tactical brilliance. Here Qe2 was also good for
a clear advantage for White, but the Chinese prodigy goes for the queen
sacrifice.} 22. Rxe6 Rxd1+ 23. Kxd1 {The funny thing about this position is
that the black king can never escape the mating net and hence the queen will
always be tied down. At the right moment when the white king will be in the
perfect position, White should play Re8+ and make the transition to a winning
pawn endgame.} Qd8+ 24. Ke2 Kf8 25. Kf3 Qd7 (25... Qd1+ 26. Kg3 Qd8 27. Re1 {
is similar to the game.}) 26. Re1 Qd8 27. Kg4 Qd7+ 28. Kh5 Qd8 29. a4 {
Improving the position to the maximum.} (29. Re8+ {Just for curiousity's sake,
the pawn ending even now is winning.} Qxe8 30. Bxe8 Kxe8 31. Kg6 Kf8 32. Kh7
Kf7 33. h4 {is also winning as after} b5 34. b3 b4 35. a4 a5 36. g3 $1 (36. g4
f5 $1 37. g5 h5 $11) 36... Kf8 37. g4 Kf7 38. g5 $18 {wins as in the game.})
29... a5 $2 30. g4 Qd7 31. h4 Qd8 32. Re8+ $1 Qxe8 33. Bxe8 Kxe8 34. Kg6 Kf8
35. Kh7 Kf7 36. g5 $1 (36. g5 hxg5 37. hxg5 fxg5 38. fxg5 Kf8 39. g6 $18 {
A nice game for Wei Yi but quite an easy calculation compared to the brilliant
ones that he has shown in the past.}) 1-0

[Event "FRA-chT Top 12"]
[Site "Montpellier"]
[Date "2015.06.01"]
[Round "3.1"]
[White "So, Wesley"]
[Black "Vazquez Igarza, Renier"]
[Result "1-0"]
[WhiteElo "2778"]
[BlackElo "2606"]
[Annotator "Schulz,Andre"]
[PlyCount "51"]
[EventDate "2015.05.30"]
[EventType "team-tourn"]
[EventRounds "11"]
[EventCountry "FRA"]
[SourceTitle "CBM 166 Extra"]
[Source "ChessBase"]
[SourceDate "2015.06.18"]
[SourceVersion "1"]
[SourceVersionDate "2015.06.18"]
[SourceQuality "1"]
[WhiteTeam "Clichy-Echecs 92"]
[BlackTeam "Montpellier"]
[WhiteTeamCountry "FRA"]
[BlackTeamCountry "FRA"]

1. e4 e5 2. Nf3 Nf6 3. Nxe5 d6 4. Nf3 Nxe4 5. d4 d5 6. Bd3 Bd6 7. O-O O-O 8. c4
c6 9. Re1 ({Oder} 9. Nc3 Nxc3 10. bxc3 dxc4 11. Bxc4 Bg4 12. h3 Bh5 13. g4 Bg6
14. Ne5 Nd7 15. f4 b5 16. Nxg6 hxg6 17. Bb3 Nb6 18. Qf3 Qd7 19. f5 Nd5 20. fxg6
fxg6 21. Bxd5+ cxd5 22. Qxd5+ Kh7 23. Bf4 Rfd8 24. Bxd6 Qxd6 25. Qxd6 Rxd6 26.
Rab1 a6 27. Rf3 Rc8 28. Kf2 Kh6 29. Ke2 Kg5 30. a4 Rb6 31. axb5 axb5 32. Kd3
Kh4 33. Rb4 g5 34. d5 Rf6 35. Rxf6 gxf6 36. d6 Kxh3 37. d7 Rd8 38. Rd4 f5 39.
gxf5 g4 40. f6 g3 41. f7 g2 42. f8=Q Rxf8 43. d8=Q Rf3+ 44. Ke2 g1=Q 45. Qh4+ {
1-0 (45) So,W (2710)-Ipatov,A (2584) Tromsoe 2013}) 9... Bf5 10. Qc2 ({Die
Alternative} 10. Qb3 Qd7 11. Nc3 Nxc3 12. Bxf5 Qxf5 13. bxc3 b6 14. h3 h6 15.
cxd5 cxd5 16. Ne5 Bxe5 17. Rxe5 Qd3 18. Rxd5 Nc6 19. c4 Qe2 20. Qc3 Rac8 21.
Bb2 Rfe8 22. c5 Rb8 23. Ba3 b5 24. Rd7 Rbd8 25. Rd6 Rc8 26. d5 Ne5 27. c6 Nc4
28. Rd7 Nd2 29. h4 Re4 30. c7 Kh7 31. Rxf7 Rg4 32. Bb2 {1-0 (32) Najer,E (2634)
-Nisipeanu,L (2654) Jerusalem 2015}) 10... Nd7 ({Hier spielte man häufiger} 
10... Bg6 11. c5 Bc7 12. Nc3 Na6) 11. Nc3 Ndf6 12. Ne5 Bg6 (12... Bc7) 13. Nxg6
{In dieser theoretisch bekannten Position der Russischen Verteidigung spielt
Schwarz nun eine interessante Neuerung, mit der Idee, Weiß mattzusetzen.
Allerdings hat die Kombination ein Loch.} Bxh2+ (13... fxg6 14. Bxe4 Bxh2+ 15.
Kxh2 Ng4+ 16. Kg3 Rxf2 17. Re2 Rf1 18. Nxd5 cxd5 19. Bxd5+ Kh8 20. Kxg4 Rh1 21.
Qe4 Rh4+ 22. Kg3 Rxe4 23. Rxe4 g5 24. Bd2 Qf6 25. Rae1 Rf8 26. Bb4 {1-0 (26)
Ivanchuk,V (2705)-Frolyanov,D (2486) Yerevan 2004}) (13... hxg6 14. Bxe4 Nxe4
15. Nxe4 dxe4 16. Qxe4 Re8 17. Qxe8+ Qxe8 18. Rxe8+ Rxe8 19. Be3 f5 20. g3 Re4
21. b3 f4 22. gxf4 Bxf4 23. Re1 Kf7 24. Kg2 Kf6 25. Kf3 Kf5 26. Rg1 Bxe3 27.
fxe3 Rh4 28. Rf1 g5 29. Rf2 a6 30. c5 g6 31. a3 a5 32. a4 g4+ 33. Ke2+ Ke6 34.
Kd3 Rh3 35. Re2 g3 36. hxg3 Rxg3 37. Rb2 Rh3 38. b4 axb4 39. Rxb4 Rh7 40. a5 g5
41. Rb6 Kf5 42. a6 bxa6 43. Rxc6 g4 44. Rxa6 g3 45. e4+ Kf4 46. Rg6 Kf3 47. d5
g2 48. d6 Rh6 49. Rxh6 {1-0 (49) Flores Ramos,J (2353)-De Blois Figueredo,A 
(2068) ICCF email 2007}) 14. Kxh2 Ng4+ 15. Kg1 fxg6 {Es droht nun Dh4 und Sxf2
mit Gewinn.} 16. Bxe4 Qh4 17. Bf3 Qh2+ 18. Kf1 Rae8 (18... Qh1+ 19. Ke2 Rae8+
20. Be3 $18) 19. Rxe8 (19. Be3 $2 Nxe3+ 20. fxe3 Rxf3+ $19) 19... Rxe8 20. Ne4
{Der einzige Weg, den Angriff ohne Schaden abzuwehren.} Qh1+ (20... dxe4 21.
Bxg4 Qh1+ 22. Ke2 Qxg2 23. Be3 Qxg4+ 24. Kd2 $18) 21. Ke2 Qg1 (21... dxe4 22.
Bxg4 $18) 22. cxd5 (22. Bxg4 Rxe4+ 23. Kf3 $18) 22... cxd5 23. Bxg4 Rxe4+ 24.
Kf3 h5 {Weiß hat den Strum mit zwei Mehrfiguren überstanden und macht jetzt
noch einen pfiffigen Zug.} 25. Be6+ Kh7 (25... Rxe6 26. Qc8+) 26. Qc8 1-0

[Event "Cali zt"]
[Site "Cali"]
[Date "1990.??.??"]
[Round "7"]
[White "Zapata, Alonso"]
[Black "Rodriguez Cespedes, Amador"]
[Result "1/2-1/2"]
[WhiteElo "2480"]
[BlackElo "2495"]
[Annotator "Schussler,H"]
[PlyCount "43"]
[EventDate "1990.04.??"]
[EventType "tourn"]
[EventRounds "9"]
[EventCountry "COL"]
[EventCategory "7"]
[SourceTitle "CBM 019"]
[Source "ChessBase"]
[SourceDate "1990.12.01"]
[SourceVersion "1"]
[SourceVersionDate "1990.12.01"]
[SourceQuality "1"]

1. e4 e5 2. Nf3 Nf6 3. Nxe5 d6 4. Nf3 Nxe4 5. d4 d5 6. Bd3 Nc6 7. O-O Be7 8. c4
Nb4 {9.Be2} 9. cxd5 Nxd3 10. Qxd3 Qxd5 11. Re1 Bf5 12. Nc3 Nxc3 13. Qxc3 Be6
14. Bg5 (14. Qxc7 Bd6 15. Qc2 O-O 16. Bd2 Bf5 17. Qb3 Qxb3 18. axb3 f6 19. Bc3
Kf7 20. Nd2 Rfd8 21. Ne4 Bf8 22. b4 b6 {Black has almost equalized.
Hübner-Smyslov, (m3) 1983.}) 14... Bd6 15. Bh4 O-O 16. a3 Rfe8 17. Ne5 f6 18.
Nd3 Qc4 19. Bg3 Bxg3 20. hxg3 Rad8 21. Nc5 Qxc3 22. bxc3 {At least Black is
not worse after 22. - Bc8.} 1/2-1/2

[Event "Mitropa Cup 13th"]
[Site "Leibnitz"]
[Date "1990.??.??"]
[Round "5"]
[White "Schlosser, Michael"]
[Black "Sarno, Spartaco"]
[Result "0-1"]
[WhiteElo "2360"]
[BlackElo "2385"]
[Annotator "Schussler,H"]
[PlyCount "133"]
[EventDate "1990.09.??"]
[EventType "team-tourn"]
[EventRounds "7"]
[EventCountry "AUT"]
[SourceTitle "CBM 020"]
[Source "ChessBase"]
[SourceDate "1991.02.01"]
[SourceVersion "1"]
[SourceVersionDate "1991.02.01"]
[SourceQuality "1"]

1. e4 e5 2. Nf3 Nf6 3. Nxe5 d6 4. Nf3 Nxe4 5. d4 d5 6. Bd3 Bd6 7. O-O O-O 8. c4
c6 9. Nc3 Nxc3 10. bxc3 Bg4 11. h3 Bh5 12. cxd5 cxd5 13. Rb1 Nd7 14. Rb5 Nb6
15. c4 Bxf3 16. Qxf3 dxc4 17. Bc2 Qd7 18. a4 Rae8 (18... Bc7 19. Rc5 Bd6 20.
Rg5 Be7 $2 21. Rxg7+ Kxg7 22. Bf5 Qxd4 23. Be3 Qe5 24. Qg4+ Kh8 25. Bd4 $18 {
Adams-Anand, Oakham 1990.}) (18... g6 $5 19. Bd2 c3 20. Qxc3 Rac8 21. Qb3 $14 {
Sokolov,A-Finegold,B, Reykjavik 1990.}) 19. Bd2 Qc6 20. d5 Qc7 21. Rfb1 Rb8 22.
Bc3 Nd7 23. Bxg7 Kxg7 24. Qg4+ Kh8 25. Qf5 $16 Nf6 26. Qxf6+ Kg8 27. g3 b6 28.
Qg5+ Kh8 29. Qf6+ Kg8 30. a5 Bc5 31. Qg5+ Kh8 32. Qf6+ Kg8 33. Rxc5 bxc5 34.
Qg5+ Kh8 35. Qf6+ Kg8 36. d6 Rxb1+ 37. Bxb1 Qd8 38. Qf5 Kg7 39. Qxh7+ Kf6 40.
Qf5+ Kg7 41. Qh7+ Kf6 42. Qh6+ Ke5 43. Qf4+ Kd5 44. Be4+ Kd4 45. Bf3+ Kc3 46.
a6 Qd7 47. Qf6+ Kb4 48. Bg4 Qd8 49. Qb2+ Ka5 50. Qd2+ Kxa6 51. Be2 Qf6 52. Qd5
Kb6 53. Bf3 Qd4 54. Qb7+ Ka5 55. Bc6 a6 56. Qc7+ Kb4 57. Qb6+ Kc3 58. d7 Kd2
59. Qa5+ c3 60. Ba4 Ke1 61. Bc6 Qxf2+ 62. Kh1 Qd4 63. Qa2 a5 64. Qxa5 Kf2 65.
Kh2 c2 66. Qa2 Qd3 67. Bg2 {What a triumph for the Black king!} 0-1